JR東海の特急停車駅 - Statistics

General Stats
  • This quiz has been taken 38 times
  • The average score is 62 of 72
Answer Stats
Answer % Correct
熱海
100%
三島
100%
沼津
100%
富士
100%
静岡
100%
浜松
100%
名古屋
100%
岐阜
100%
富士
100%
甲府
100%
豊橋
100%
豊川
100%
名古屋
100%
金山
100%
多治見
100%
中津川
100%
塩尻
100%
岐阜
100%
高山
100%
名古屋
100%
鈴鹿
100%
尾張一宮
97%
大垣
97%
米原
97%
御殿場
97%
身延
97%
飯田
97%
恵那
97%
美濃太田
97%
下呂
97%
猪谷
97%
桑名
97%
四日市
97%
松阪
97%
新宮
97%
清水
95%
南木曽
95%
95%
95%
中部天竜
92%
木曽福島
92%
松田
89%
富士宮
89%
天竜峡
89%
千種
89%
飛騨古川
89%
多気
89%
新城
86%
尾鷲
86%
熊野市
86%
鵜沼
81%
鰍沢口
78%
南甲府
78%
駿河小山
76%
上松
73%
本長篠
70%
白川口
70%
紀伊長島
70%
水窪
68%
三瀬谷
68%
飛騨金山
65%
下部温泉
62%
市川大門
62%
平岡
54%
飛騨小坂
51%
久々野
49%
東花輪
46%
湯谷温泉
46%
飛騨萩原
46%
内船
43%
温田
43%
甲斐岩間
41%
No matching quizzes found
Score Distribution
Percent of People with Each Score
Percentile by Number Answered
Your Score History
You have not taken this quiz